Richard Wagner und die Frauen (Record no. 6039)

MARC details
000 -CABECERA
campo de control de longitud fija 00572nam a2200205 a 4500
001 - NÚMERO DE CONTROL
campo de control BRCA_6353
005 - FECHA Y HORA DE LA ÚLTIMA TRANSACCIÓN
campo de control 20190320205425.0
008 - DATOS DE LONGITUD FIJA--INFORMACIÓN GENERAL
campo de control de longitud fija 180811s1921----gw-#######---#000-0#ger-#
041 ## - CÓDIGO DE LENGUA
Código de lengua del texto/banda sonora o título independiente ger
044 ## - CÓDIGO DEL PAÍS DE LA ENTIDAD EDITORA/PRODUCTORA
Código MARC del país gw
050 #4 - SIGNATURA TOPOGRÁFICA DE LA BIBLIOTECA DEL CONGRESO
Número de clasificación ML410
Número de documento/Ítem .W19 K29
-- 1921
100 1# - ENTRADA PRINCIPAL--NOMBRE DE PERSONA
Nombre de persona Kapp, Julius
Fechas asociadas al nombre 1883-1962
9 (RLIN) 15925
245 10 - MENCIÓN DE TÍTULO
Título Richard Wagner und die Frauen
Resto del título Eine erotische Biographie
Mención de responsabilidad, etc. von Dr. Julius Kapp.
260 ## - PUBLICACIÓN, DISTRIBUCIÓN, ETC.
Lugar de publicación, distribución, etc. Berlín
Nombre del editor, distribuidor, etc. Schuster & Loeffler
Fecha de publicación, distribución, etc. 1921
300 ## - DESCRIPCIÓN FÍSICA
Extensión 276 p.
Dimensiones 19 cm.
500 ## - NOTA GENERAL
Nota general K131
600 14 - PUNTO DE ACCESO ADICIONAL DE MATERIA--NOMBRE DE PERSONA
Nombre de persona Wagner, Richard
Fechas asociadas al nombre 1813-1883
9 (RLIN) 15926
902 ## - CATALOGADOR
Iniciales GFM
942 ## - ELEMENTOS DE PUNTO DE ACCESO ADICIONAL (KOHA)
Fuente del sistema de clasificación o colocación Library of Congress Classification
Tipo de ítem Koha Libros
Holdings
Estado de retiro Estado de pérdida Estado dañado No para préstamo Localización permanente Ubicación/localización actual Fecha de adquisición Número de inventario Total de préstamos Signatura topográfica completa Código de barras Fecha visto por última vez Precio válido a partir de Tipo de ítem Koha
El ejemplar forma parte de la colección y puede ser consultado según las políticas vigentes.       Biblioteca del Museo Franz Mayer (Rogerio Casas-Alatriste) Biblioteca del Museo Franz Mayer (Rogerio Casas-Alatriste) 18/08/2011 K131   ML410 .W19 K29 1921 (K131) 6800 22/03/2019 22/03/2019 Libros